Advances in solid state physics (Record no. 17088)

MARC details
000 -LEADER
fixed length control field 00542nam a2200181Ia 4500
003 - CONTROL NUMBER IDENTIFIER
control field IN-BaIIA
008 - FIXED-LENGTH DATA ELEMENTS--GENERAL INFORMATION
fixed length control field 211028s9999 xx 000 0 eng d
020 ## - INTERNATIONAL STANDARD BOOK NUMBER
International Standard Book Number 978-3-540-21148-8
040 ## - CATALOGING SOURCE
Transcribing agency IIA Library
080 ## - UNIVERSAL DECIMAL CLASSIFICATION NUMBER
Universal Decimal Classification number 538.9(058)
Item number ADV-44
245 #0 - TITLE STATEMENT
Title Advances in solid state physics
Remainder of title vol. 44
Statement of responsibility, etc. edited by Bernhard Kramer
260 ## - PUBLICATION, DISTRIBUTION, ETC.
Place of publication, distribution, etc. Berlin
Name of publisher, distributor, etc. Springer
Date of publication, distribution, etc. 2004
300 ## - PHYSICAL DESCRIPTION
Extent xx, 565p.
650 ## - SUBJECT ADDED ENTRY--TOPICAL TERM
Topical term or geographic name entry element Physics
9 (RLIN) 73
650 ## - SUBJECT ADDED ENTRY--TOPICAL TERM
Topical term or geographic name entry element Solid state physics
700 ## - ADDED ENTRY--PERSONAL NAME
Personal name Kramer, Bernhard., ed.
9 (RLIN) 32146
942 ## - ADDED ENTRY ELEMENTS (KOHA)
Koha item type Books
Holdings
Withdrawn status Lost status Damaged status Not for loan Home library Current library Shelving location Date acquired Cost, normal purchase price Total Checkouts Full call number Barcode Date last seen Cost, replacement price Price effective from Koha item type Purchase Price
        IIA Library-Bangalore IIA Library-Bangalore General Stacks 18/10/2008 2770.00   538.9(058)/ ADV-44 18010 05/11/2021 2770.00 18/10/2008 Books Rs. 2770.00

Powered by Koha